header

Anglo-French relations, 1898-1998 (Record no. 74460)

MARC details
000 -LEADER
fixed length control field 01675nam a2200373 a 4500
082 04 - DEWEY DECIMAL CLASSIFICATION NUMBER
Classification number 327.41044/09/04
245 00 - TITLE STATEMENT
Title Anglo-French relations, 1898-1998
260 ## - PUBLICATION, DISTRIBUTION, ETC. (IMPRINT)
Place of publication Houndmills, Basingstoke, Hampshire ;
-- New York :
Name of publisher Palgrave,
Year of publication 2002.
300 ## - PHYSICAL DESCRIPTION
Number of Pages xiii, 211 p. :
Other physical details ill.
490 1# - SERIES STATEMENT
Series statement Studies in military and stragetic history
700 1# - ADDED ENTRY--PERSONAL NAME
Personal name Chassaigne, Philippe.
Personal name Dockrill, M. L.
856 40 - ELECTRONIC LOCATION AND ACCESS
Uniform Resource Identifier http://site.ebrary.com/lib/rucke/Doc?id=10046637

No items available.

© 2026 Rongo University
Contact us: librarian | system librarian | Rongo university